| 000 | 01188cam a22003011i 4500 | ||
|---|---|---|---|
| 003 | SA-RiAUC | ||
| 005 | 20241130075906.0 | ||
| 008 | 241130s2000 su g 000k0 ara c | ||
| 040 |
_aKW-KcNLK _bara _cSA-RiAUC _erda |
||
| 041 | 1 |
_aara _aeng |
|
| 082 | 0 | 4 |
_a252.5 _qSA-RiAUC |
| 090 |
_a252.5 _bن ف ي |
||
| 100 | 1 |
_aالنفيسة، عبد الرحمن حسن، _d1361 هجري- _eمؤلف. |
|
| 245 | 1 | 0 |
_aرسالة في فقه الحج والعمرة / _cعبد الرحمن حسن النفيسة. |
| 246 | 3 | 5 | _aA study on hajj (pilgrimage) and umrah, objectives and principles |
| 250 | _aالطبعة التاسعة. | ||
| 264 | 1 |
_aالرياض : _b[الناشر غير محدد]، _c2000 |
|
| 300 |
_a44،56 صفحة ؛ _c18 سم |
||
| 336 |
_aنص _btxt _2rdacontent _3كتاب |
||
| 337 |
_aبدون وسيط _bn _2rdamedia |
||
| 338 |
_aمجلد _bnc _2rdacarrier |
||
| 546 | _aالنص باللغتين العربية والإنجليزية. | ||
| 650 | 7 |
_aالحج (فقه إسلامي) _2aucsh |
|
| 650 | 7 |
_aالعمرة (فقه إسلامي) _2aucsh |
|
| 942 |
_2ddc _cBOOK _n0 |
||
| 949 |
_aSA-JeALM _d241130 _umohamedma123 _n1 |
||
| 999 |
_c2859 _d2859 |
||